<?xml version="1.0" encoding="UTF-8"?>
<record
    xmlns:xsi="http://www.w3.org/2001/XMLSchema-instance"
    xsi:schemaLocation="http://www.loc.gov/MARC21/slim http://www.loc.gov/standards/marcxml/schema/MARC21slim.xsd"
    xmlns="http://www.loc.gov/MARC21/slim">

  <leader>00531nam a22001577a 4500</leader>
  <controlfield tag="003">OSt</controlfield>
  <controlfield tag="005">20151104164014.0</controlfield>
  <controlfield tag="008">151104b        xxu||||| |||| 00| 0 eng d</controlfield>
  <datafield tag="040" ind1=" " ind2=" ">
    <subfield code="c">RUA </subfield>
  </datafield>
  <datafield tag="082" ind1=" " ind2=" ">
    <subfield code="a">FOR &#x179B;&#x17BC;&#x1784; 1994 B119 Or.1 </subfield>
  </datafield>
  <datafield tag="100" ind1=" " ind2=" ">
    <subfield code="9">3379</subfield>
    <subfield code="a">&#x179B;&#x17BC;&#x1784;&#x200B; &#x1785;&#x17D0;&#x1793;&#x17D2;&#x1791;&#x1780;&#x17B6;&#x178E;&#x17B6;&#x179A;&#x17D0;&#x178F;&#x17D2;&#x1793;</subfield>
  </datafield>
  <datafield tag="245" ind1=" " ind2=" ">
    <subfield code="a">&#x179C;&#x17B7;&#x1797;&#x17B6;&#x1782;&#x1791;&#x17B6;&#x1793;&#x179B;&#x17BE;&#x1780;&#x17B6;&#x179A;&#x179F;&#x17B7;&#x1780;&#x17D2;&#x179F;&#x17B6;&#x1796;&#x17B8;&#x179F;&#x178F;&#x17D2;&#x179C;&#x1782;&#x17D2;&#x179A;&#x17C0;&#x179B; &#x1793;&#x17C5;&#x1780;&#x1798;&#x17D2;&#x1796;&#x17BB;&#x1787;&#x17B6;;</subfield>
  </datafield>
  <datafield tag="260" ind1=" " ind2=" ">
    <subfield code="a">Phnom Penh </subfield>
    <subfield code="b">RUA </subfield>
    <subfield code="c">1994</subfield>
  </datafield>
  <datafield tag="300" ind1=" " ind2=" ">
    <subfield code="a">43p.</subfield>
    <subfield code="b">ill.</subfield>
    <subfield code="c">29cm.</subfield>
  </datafield>
  <datafield tag="942" ind1=" " ind2=" ">
    <subfield code="2">ddc</subfield>
    <subfield code="c">FOR</subfield>
  </datafield>
  <datafield tag="999" ind1=" " ind2=" ">
    <subfield code="c">3152</subfield>
    <subfield code="d">3152</subfield>
  </datafield>
  <datafield tag="952" ind1=" " ind2=" ">
    <subfield code="0">0</subfield>
    <subfield code="1">0</subfield>
    <subfield code="2">ddc</subfield>
    <subfield code="4">0</subfield>
    <subfield code="6">FOR_&#x179B;&#x17BC;&#x1784;_1994_000000000000000_B119_OR_1</subfield>
    <subfield code="7">0</subfield>
    <subfield code="9">14816</subfield>
    <subfield code="a">LBB</subfield>
    <subfield code="b">LBB</subfield>
    <subfield code="c">B119</subfield>
    <subfield code="d">2015-11-04</subfield>
    <subfield code="o">FOR &#x179B;&#x17BC;&#x1784; 1994 B119 Or.1</subfield>
    <subfield code="p">RUA026102</subfield>
    <subfield code="r">2015-11-04</subfield>
    <subfield code="w">2015-11-04</subfield>
    <subfield code="y">FOR</subfield>
  </datafield>
  <datafield tag="952" ind1=" " ind2=" ">
    <subfield code="0">0</subfield>
    <subfield code="1">0</subfield>
    <subfield code="2">ddc</subfield>
    <subfield code="4">0</subfield>
    <subfield code="6">FOR_&#x179B;&#x17BC;&#x1784;_1994_000000000000000_B119_OR_2</subfield>
    <subfield code="7">0</subfield>
    <subfield code="9">14817</subfield>
    <subfield code="a">LBB</subfield>
    <subfield code="b">LBB</subfield>
    <subfield code="c">B119</subfield>
    <subfield code="d">2015-11-04</subfield>
    <subfield code="o">FOR &#x179B;&#x17BC;&#x1784; 1994 B119 Or.2</subfield>
    <subfield code="p">RUA010765</subfield>
    <subfield code="r">2015-11-04</subfield>
    <subfield code="w">2015-11-04</subfield>
    <subfield code="y">FOR</subfield>
  </datafield>
  <datafield tag="952" ind1=" " ind2=" ">
    <subfield code="0">0</subfield>
    <subfield code="1">0</subfield>
    <subfield code="2">ddc</subfield>
    <subfield code="4">0</subfield>
    <subfield code="6">FOR_&#x179B;&#x17BC;&#x1784;_1994_000000000000000_B119_OR_3</subfield>
    <subfield code="7">0</subfield>
    <subfield code="9">14818</subfield>
    <subfield code="a">LBB</subfield>
    <subfield code="b">LBB</subfield>
    <subfield code="d">2015-11-04</subfield>
    <subfield code="o">FOR &#x179B;&#x17BC;&#x1784; 1994 B119 Or.3</subfield>
    <subfield code="p">RUA026092</subfield>
    <subfield code="r">2015-11-04</subfield>
    <subfield code="w">2015-11-04</subfield>
    <subfield code="y">FOR</subfield>
  </datafield>
  <datafield tag="952" ind1=" " ind2=" ">
    <subfield code="0">0</subfield>
    <subfield code="1">0</subfield>
    <subfield code="2">ddc</subfield>
    <subfield code="4">0</subfield>
    <subfield code="6">FOR_&#x179B;&#x17BC;&#x1784;_1994_000000000000000_B119_OR_4</subfield>
    <subfield code="7">0</subfield>
    <subfield code="9">14819</subfield>
    <subfield code="a">LBB</subfield>
    <subfield code="b">LBB</subfield>
    <subfield code="d">2015-11-04</subfield>
    <subfield code="o">FOR &#x179B;&#x17BC;&#x1784; 1994 B119 Or.4</subfield>
    <subfield code="p">RUA026457</subfield>
    <subfield code="r">2015-11-04</subfield>
    <subfield code="w">2015-11-04</subfield>
    <subfield code="y">FOR</subfield>
  </datafield>
</record>
